000 00565nam a2200181 i 4500
001 81550
003 ES-MaACL
005 20230906174448.0
007 t|
008 041105s1949 sp ||||1| spa d
100 1 _aHusserl, Edmund.
_964818
245 1 0 _aIdeas relativas a una fenomenología pura y una filosofía fenomenológica /
_cpor Edmund Husserl ; traducción del alemán por José Gaos.
250 _a1ª ed.
260 _a[S.l. :
_bs.n.],
_c1949.
300 _a446 p. ;
_c22 cm.
700 1 _aGaos, José.
_953902
852 _aES-MaACL
_jD-7731
_bR.30039
999 _c81550
_d81550